Aplicaciones de computación a problemas de ingeniería
| Main Author: | |
|---|---|
| Format: | Section = Libro |
| Language: | Undetermined Spanish |
| Published: |
México
Limusa
1979
|
| Subjects: |
| LEADER | 00542nam a2200181Ia 4500 | ||
|---|---|---|---|
| 008 | 240829s9999 xx 000 0 und d | ||
| 020 | |a 968-18-0186-5 | ||
| 040 | |a BIBLIOTECA-RUPAP 621.38195 A678 | ||
| 041 | |a spa | ||
| 082 | |a 621.38195 A678 | ||
| 100 | 1 | |a Arechiga, Rafael | |
| 245 | 1 | 0 | |a Aplicaciones de computación a problemas de ingeniería |
| 260 | |a México |b Limusa |c 1979 | ||
| 300 | |a 234 p. :il. | ||
| 650 | 7 | |a COMPUTADORAS. I. González, S., coaut. II. Guillen, E., coaut. III. Tít. | |
| 942 | |c BK |2 ddc | ||
| 991 | |a TEXTO | ||
| 999 | |c 9414 | ||